| 000 | 00906nam a2200217 a 4500 | ||
|---|---|---|---|
| 001 | 20971 | ||
| 003 | CO-ViMGA | ||
| 008 | 141112s2004 ck r 000 u spa d | ||
| 020 | _a9588232716 | ||
| 040 |
_aCO-ViMGA _bspa _cCO-ViMGA |
||
| 082 | _a306 P654 | ||
| 110 |
_aAlcaldía Mayor de Bogotá _95718 |
||
| 245 | 1 | 0 | _aPolíticas culturales distritales 2004 - 2016 |
| 260 |
_aBogotá : _bAlcaldía de Bogotá, _c2004 |
||
| 300 | _a76p | ||
| 505 | _aLa cultura en Bogotá 21 - - Políticas culturales para Bogotá 27 - - Entorno conceptual 33 - - Proceso de formulación y concertación 51 - - Esquema general de las políticas culturales distritales 57 | ||
| 590 | _aForma de adquisición : Donación - - Precio : 10000 - - Fecha de adquisición : Noviembre 2006 | ||
| 650 | 1 | 4 |
_aCULTURA - COLOMBIA - 2004 - 2016 _95719 |
| 650 | 1 | 4 |
_aPOLIITICA CULTURAL - COLOMBIA - 2004 - 2016 _95720 |
| 942 |
_2ddc _cBK |
||
| 999 |
_c10958 _d10958 |
||